| 000 | 01108nam a2200229 a 4500 | ||
|---|---|---|---|
| 008 | 080916s2003 ||||||||||||||||| || u | ||
| 020 | _a8121912237 | ||
| 050 | _aQC 35 Ava | ||
| 100 | _aAvadhanula, M.N | ||
| 245 | 1 | 0 |
_aExperiments in engineering physics: a laboratory manual and workbook with viva voce -- 3rd ed. _cM.N. Avadhanulu; A.A. Dani; P.M. Pokley |
| 250 | _a3rd ed. | ||
| 260 |
_aNew Delhi _bS. Chand _c2003 |
||
| 300 | _axviii, 244p.: ill. | ||
| 350 | _a36500.00 | ||
| 650 | _aPHYSICS--HANDBOOKS, MANUALS, ETC | ||
| 650 | 7 |
_aSCIENCE _2fast |
|
| 700 | _aDani, A.A | ||
| 700 | _aPokley, P.M | ||
| 995 |
_aMAIN LIBRARY OPEN ACCESS _D0.00 _e738605 _FCBU-MAIN LIBRARY (Kitwe) _H1 _I0.00 _jQC 35 Ava _M2 _UAVAILABLE _WSep 18, 2008 _y738605 _ZMain Library Open Access Collection |
||
| 995 |
_aBINDERY (DAMAGED) _D0.00 _e738604 _FCBU-MAIN LIBRARY (Kitwe) _H1 _I0.00 _jQC 35 Ava _M1 _UDAMAGED _WSep 18, 2008 _y738604 _ZMain Library Open Access Collection |
||
| 995 |
_aBINDERY (DAMAGED) _D0.00 _e738606 _FCBU-MAIN LIBRARY (Kitwe) _H1 _I0.00 _jQC 35 Ava _M2 _UDAMAGED _WSep 18, 2008 _y738606 _ZMain Library Open Access Collection |
||
| 999 |
_c62943 _d62943 |
||